000 00630nam a2200181Ia 4500
008 090630s9999 xx 000 0 und d
082 _b16498
100 _aमाटे श्री. म.
245 _aसॅम्सन आणि दलायला.
_cमाटे श्री. म.
260 _bकॉन्टीनेंटल.
300 _a0
600 _aमाटे श्री. म.
630 _aसॅम्सन आणि दलायला.
655 _aलघुकथा.
700 _aमाटे श्री. म.
730 _aसॅम्सन आणि दलायला.
942 _cBOOK
999 _c268354
_d268354